Linking indigenous communities with regional development /

Saved in:
Bibliographic Details
Corporate Author: Organisation for Economic Co-operation and Development, OECD (Paris, France) (Originator)
Format: Book
Language:English
Published: Paris : OECD Publications, 2019
Series:OECD rural policy reviews
Subjects:
ISBN:9789264692534
ISSN:1990-9276
Online Access: Get full text
Tags: Add Tag
No Tags, Be the first to tag this record!

MARC

LEADER 00000nam a2200000 4500
003 SK-BrCVT
005 20220618112915.0
006 a####e######000#0#
008 190919s2019####fr ####e######000#0#eng#d
020 |a 9789264692534   |q (brož.)  |c 80,00 
022 |a 1990-9276 
035 |a CVTIDW0072265 
040 |a CVT  |b slo  |c CVT  |e AACR2 
041 0 |a eng 
044 |a fr  |c FR 
080 |a 330.34  |2 2008 
110 2 |a Organisation for Economic Co-operation and Development, OECD (Paris, France)  |4 org 
245 1 0 |a Linking indigenous communities with regional development /  |c Organisation for Economic Co-operation and Development 
260 |a Paris :  |b OECD Publications,  |c 2019 
300 |a 343 s.  |b tab., grafy, lit.;  |c 28 cm 
490 0 |a OECD rural policy reviews 
610 2 7 |a Organizácia pre hospodársku spoluprácu a rozvoj (Paríž, Francúzsko)  |2 CVTISR 
653 1 |a regionálny rozvoj 
653 1 |a ekonomický rozvoj 
655 7 |a odborné publikácie  |2 SNKPH 
760 1 |t OECD rural policy reviews 
852 |a CVTISR  |b 1 
856 4 |u http://ezproxy.cvtisr.sk/login.php?url=https://doi.org/10.1787/3203c082-en 
910 |b E004253  |b A628 
919 |a 978-92-64-69253-4 
959 |a o29 
959 |a 03 
974 |a gabriela.miklankova  |f Knihy 
992 |a AMG 
999 |c 268471  |d 268471